Advances in Solid-Phase Microextraction (Record no. 19300)

MARC details
000 -LEADER
fixed length control field 01150nam a2200121Ia 4500
008 - FIXED-LENGTH DATA ELEMENTS--GENERAL INFORMATION
fixed length control field 220616s9999||||xx |||||||||||||| ||und||
245 #0 - TITLE STATEMENT
Title Advances in Solid-Phase Microextraction
546 ## - LANGUAGE NOTE
Language note English[eng]
650 ## - SUBJECT ADDED ENTRY--TOPICAL TERM
Topical term or geographic name entry element in-tube solid phase microextraction (IT-SPME)||SiO2 nanoparticles||TiO2 nanoparticles||capillary liquid chromatography||nano-liquid chromatography||solid-phase microextraction||metal–organic framework||crystalline nanostructures||nanomaterials||analytical chemistry||coatings||microextraction devices||sample preparation||SPME||gas chromatography||air monitoring||volatile organic compounds||fiber selection||solid phase microextraction (SPME)||air analysis||environmental waters analysis||soil analysis||food monitoring||on-site sampling||human biomonitoring (HBM)||chromatography||ambient mass spectrometry||ultra-trace analysis||green chemistry||circular economy||natural products||sorbents||cork||cotton||pollen||seeds||paper||wood||in vivo extraction||tissue analysis||cells||simple organisms||n/a
700 ## - ADDED ENTRY--PERSONAL NAME
Personal name Naccarato, Attilio||Tagarelli, Antonio
856 ## - ELECTRONIC LOCATION AND ACCESS
Uniform Resource Identifier <a href="https://mdpi.com/books/pdfview/book/2931">https://mdpi.com/books/pdfview/book/2931</a>
942 ## - ADDED ENTRY ELEMENTS (KOHA)
Koha item type E-Books
Holdings
Withdrawn status Lost status Damaged status Not for loan Home library Current library Date acquired Total Checkouts Date last seen Price effective from Koha item type
        Kerala University of Digital Sciences, Innovation and Technology Knowledge Centre Kerala University of Digital Sciences, Innovation and Technology Knowledge Centre 16/06/2022   16/06/2022 16/06/2022 E-Books